| 000 | 01704cam a2200241 4500 | ||
|---|---|---|---|
| 001 | ABS64562 | ||
| 008 | 010927n2001 000 0 eng u | ||
| 035 | _a(Sirsi) u114872 | ||
| 245 | _aMalekshad v Howard de Walden Estates Ltd | ||
| 260 | _c2001 | ||
| 490 |
_aEstates Gazette _v[2001] 38 EG, 190-198(9) |
||
| 520 | _aCA 23 May 2001. Lessee (A) served a notice on landlord (B) under Leasehold Reform Act 1967 claiming to acquire the freehold. The property consisted of a terraced residential building and a mews cottage. Until the 1970s the two buildings had been linked by a basement. Between 1970 and 1977 this access between the two was physically obstructed. The judge ruled that the buildings could not reasonably be called a single house under Leasehold Reform Act 1967 s2. In addition, due to the existence of a basement under each building, there was a material part that lay below part of the structure not comprised in each house. A appealed. Appeal allowed. Held that the property remained a single house for the purposes of the 1967 Act. Full copy of judgement available on http://porch.ccta.gov.uk/courtser/judgements.nsf/Search/3F934916BF7D101480256A56005777BB?OpenDocument. | ||
| 590 | _aABS | ||
| 650 | _aMALEKSHAD V HOWARD DE WALDEN ESTATES LTD | ||
| 650 | _aLEASEHOLD ENFRANCHISEMENT | ||
| 650 | _aLEASEHOLD REFORM ACT 1967 | ||
| 650 | _aBASEMENTS | ||
| 650 | _aHUMAN RIGHTS ACT 1998 | ||
| 650 | _aCONVENTION FOR THE PROTECTION OF HUMAN RIGHTS AND FUNDAMENTAL FREEDOMS | ||
| 690 | _aLANDLORD AND TENANT-LEASEHOLD REFORM-CASE LAW | ||
| 856 | _uhttps://porch.ccta.gov.uk/courtser/judgements.nsf/Search/3F934916BF7D101480256A56005777BB?OpenDocument | ||
| 942 | _n0 | ||
| 999 |
_c68402 _d68402 |
||